| 000 | 00512nam a2200181 i 4500 | ||
|---|---|---|---|
| 001 | 95592 | ||
| 003 | ES-MaACL | ||
| 005 | 20230906181734.0 | ||
| 007 | t| | ||
| 008 | 050601s1972 sp ||||1| spa d | ||
| 100 | 1 |
_aLlorden, David. _972866 |
|
| 245 | 1 | 0 |
_aRadiografía de la frivolidad / _cP David Jorden, David de la Calzada. |
| 250 | _a1ª ed. | ||
| 260 |
_aSalamanca : _bFerreira, _c1972. |
||
| 300 |
_a318 p. ; _c21 cm. |
||
| 700 | 1 |
_aCalzada, David de la. _933936 |
|
| 852 |
_aES-MaACL _jC-46289 _bR.81837 |
||
| 999 |
_c95592 _d95592 |
||